000 00347nam a2200145Ia 4500
005 20251222140112.0
008 251222s1900||||xx |||||||||||||| ||spa||
020 _a9786124030642
082 _a243/A77
100 _aArriola Guzmám, Gustavo
245 0 _a¡No Tengas Miedo!:
250 _a1ra.ed.
264 _bFondo Editorial UCSS
942 _cLIB
999 _c4347
_d4347